Emotional Intelligence (Record no. 4283)

MARC details
000 -LEADER
fixed length control field 00392nam a22001697a 4500
005 - DATE AND TIME OF LATEST TRANSACTION
control field 20260413115359.0
008 - FIXED-LENGTH DATA ELEMENTS--GENERAL INFORMATION
fixed length control field 160627b xxu||||| |||| 00| 0 eng d
020 ## - INTERNATIONAL STANDARD BOOK NUMBER
ISBN 0-553-84007-X
041 ## - LANGUAGE CODE
Language code of text/sound track or separate title eng
082 ## - DEWEY DECIMAL CLASSIFICATION NUMBER
Classification number 152.4
100 ## - MAIN ENTRY--AUTHOR NAME
Personal name Goleman, Daniel
245 ## - TITLE STATEMENT
Title Emotional Intelligence
260 ## - PUBLICATION, DISTRIBUTION, ETC. (IMPRINT)
Name of publisher Bantom Books
Year of publication 1996
300 ## - PHYSICAL DESCRIPTION
Number of Pages 398
650 ## - SUBJECT ADDED ENTRY--TOPICAL TERM
Topical Term Non-fiction
942 ## - ADDED ENTRY ELEMENTS (KOHA)
Koha item type Books
Holdings
Lost status Damaged status Collection code Home library Current library Shelving location Date acquired Full call number Accession Number Koha item type
    LIFE SKILL JRU Library JRU Library SHELF-101-G 27/06/2016 152.4 10505 Books